Detalles MARC
| 000 -LEADER |
| fixed length control field |
01431nam a2200397 a 4500 |
| 001 - CONTROL NUMBER |
| control field |
000015256 |
| 003 - CONTROL NUMBER IDENTIFIER |
| control field |
000015256 |
| 005 - DATE AND TIME OF LATEST TRANSACTION |
| control field |
20140709105501.0 |
| 008 - FIXED-LENGTH DATA ELEMENTS--GENERAL INFORMATION |
| fixed length control field |
100203s2005 dr a 000 0 spa d |
| 020 ## - INTERNATIONAL STANDARD BOOK NUMBER |
| Canceled/invalid ISBN |
999341011X |
| 040 ## - CATALOGING SOURCE |
| Original cataloging agency |
BPMET |
| Language of cataloging |
spa |
| Transcribing agency |
BPMET |
| 049 ## - LOCAL HOLDINGS (OCLC) |
| Holding library |
BNPD |
| 092 ## - LOCALLY ASSIGNED DEWEY CALL NUMBER (OCLC) |
| Classification number |
923.5 |
| Item number |
D985A |
| 100 1# - MAIN ENTRY--PERSONAL NAME |
| Personal name |
Cassá, Roberto |
| 245 10 - TITLE STATEMENT |
| Title |
Antonio Duvergé : |
| Remainder of title |
primer guerrero de la independencia / |
| Statement of responsibility, etc. |
Roberto Cassá ; ilustraciones Ramiro Manzano, José Manuel Rodríguez. |
| 260 ## - PUBLICATION, DISTRIBUTION, ETC. (IMPRINT) |
| Place of publication, distribution, etc. |
Santo Domingo : |
| Name of publisher, distributor, etc. |
Tobogan, |
| Date of publication, distribution, etc. |
2005. |
| 300 ## - PHYSICAL DESCRIPTION |
| Extent |
49 p. : |
| Other physical details |
il. ; |
| Dimensions |
21 cm. |
| 490 1# - SERIES STATEMENT |
| Series statement |
Bibliografías Dominicana Tobogan |
| 504 ## - BIBLIOGRAPHY, ETC. NOTE |
| Bibliography, etc |
Incluye bibliografías [p. 49] |
| 600 14 - SUBJECT ADDED ENTRY--PERSONAL NAME |
| Personal name |
DUVERGÉ, ANTONIO |
| Dates associated with a name |
1807-1855 |
| 650 #4 - SUBJECT ADDED ENTRY--TOPICAL TERM |
| Topical term or geographic name as entry element |
REPÚBLICA DOMINICANA |
| General subdivision |
BIOGRAFÍAS |
| 651 #4 - SUBJECT ADDED ENTRY--GEOGRAPHIC NAME |
| Geographic name |
REPÚBLICA DOMINICANA |
| General subdivision |
HISTORIA |
| Chronological subdivision |
1844-1864 |
| 700 1# - ADDED ENTRY--PERSONAL NAME |
| Personal name |
Manzano, Ramiro, |
| Relator term |
il. |
| 700 1# - ADDED ENTRY--PERSONAL NAME |
| Personal name |
Rodríguez, José Manuel, |
| Relator term |
il. |
| 830 #0 - SERIES ADDED ENTRY--UNIFORM TITLE |
| Uniform title |
Bibliografías Dominicana Tobogan |
| 930 #1 - EQUIVALENCE OR CROSS-REFERENCE-UNIFORM TITLE HEADING [LOCAL, CANADA] |
| Language of a work |
BND01 |
| Medium of performance for music |
LF1 |
| Field link and sequence number |
20100203 |
| Date of a work |
01 |
| Name of part/section of a work |
CT |
| Miscellaneous information |
9914 |
| 930 #1 - EQUIVALENCE OR CROSS-REFERENCE-UNIFORM TITLE HEADING [LOCAL, CANADA] |
| Language of a work |
BND01 |
| Medium of performance for music |
LF1 |
| Field link and sequence number |
20100413 |
| Date of a work |
01 |
| Name of part/section of a work |
CT |
| Miscellaneous information |
9914 |
| Medium |
e. 2 |
| 942 ## - ADDED ENTRY ELEMENTS (KOHA) |
| Source of classification or shelving scheme |
Dewey Decimal Classification |
| Koha item type |
Libros |
| 956 ## - LOCAL ELECTRONIC LOCATION AND ACCESS (OCLC) |
| Host name |
VGENAO |
| Access number |
10 |
| Compression information |
20100203 |
| Logon |
BND01 |
| Processor of request |
1542 |
| 956 ## - LOCAL ELECTRONIC LOCATION AND ACCESS (OCLC) |
| Host name |
VGENAO |
| Access number |
10 |
| Compression information |
20100203 |
| Logon |
BND01 |
| Processor of request |
1542 |
| 956 ## - LOCAL ELECTRONIC LOCATION AND ACCESS (OCLC) |
| Host name |
IGARCIA |
| Access number |
10 |
| Compression information |
20100205 |
| Logon |
BND01 |
| Processor of request |
1223 |
| 956 ## - LOCAL ELECTRONIC LOCATION AND ACCESS (OCLC) |
| Host name |
BATCH |
| Access number |
00 |
| Compression information |
20100216 |
| Logon |
BND01 |
| Processor of request |
1119 |
| 956 ## - LOCAL ELECTRONIC LOCATION AND ACCESS (OCLC) |
| Host name |
BTAVAREZ |
| Access number |
10 |
| Compression information |
20100413 |
| Logon |
BND01 |
| Processor of request |
1031 |
| 956 ## - LOCAL ELECTRONIC LOCATION AND ACCESS (OCLC) |
| Host name |
BTAVAREZ |
| Access number |
10 |
| Compression information |
20100413 |
| Logon |
BND01 |
| Processor of request |
1032 |
| 956 ## - LOCAL ELECTRONIC LOCATION AND ACCESS (OCLC) |
| Host name |
ARIVERA |
| Access number |
10 |
| Compression information |
20100514 |
| Logon |
BND01 |
| Processor of request |
1529 |